[Event "Catalunya-chB"]
[Site "Spain"]
[Date "1996.11.10"]
[Round "6"]
[White "Munoz Muriedas, Jordi"]
[Black "Sahloul Sahloul, Mulham"]
[Result "1-0"]
[WhiteElo "1700"]
[BlackElo "1775"]
[PlyCount "49"]
[EventDate "1997.??.??"]
[EventType "swiss"]
[EventRounds "8"]
[EventCountry "ESP"]
[SourceTitle "EXT 2003"]
[Source "ChessBase"]
[SourceDate "2002.11.25"]
[SourceVersion "1"]
[SourceVersionDate "2002.11.25"]
[SourceQuality "1"]

1. c4 Nf6 2. Nc3 g6 3. Nf3 Bg7 4. g3 0-0 5. Bg2 Nc6 6. d3 h6 7. h3 Re8 8. Bd2 d5 9. cxd5 Nxd5 10. Qc1 Kh7 11. Nxd5 Qd6 12. Ne3 Nb4 13. Nc4 Qd5 14. Be3 Qb5 15. a4 Qd7 16. Nce5 Qe6 17. d4 Qb3 18. 0-0 Nc2 19. Nd2 Qe6 20. Qxc2 c6 21. h4 h5 22. f4 f5 23. Ndf3 Kh6 24. Ng5 Qf6 25. Nef7+ 1-0

[Event "Catalunya-chB"]
[Site "Spain"]
[Date "1996.10.27"]
[Round "4"]
[White "Martinez Lopez, Joan"]
[Black "Sahloul Sahloul, Mulham"]
[Result "1-0"]
[WhiteElo "1740"]
[BlackElo "1775"]
[PlyCount "63"]
[EventDate "1997.??.??"]
[EventType "swiss"]
[EventRounds "8"]
[EventCountry "ESP"]
[SourceTitle "EXT 2003"]
[Source "ChessBase"]
[SourceDate "2002.11.25"]
[SourceVersion "1"]
[SourceVersionDate "2002.11.25"]
[SourceQuality "1"]

1. Nf3 Nf6 2. c4 g6 3. g3 Bg7 4. Bg2 d5 5. 0-0 0-0 6. d4 dxc4 7. Qa4 Be6 8. Nbd2 Nc6 9. e3 a6 10. Qc2 b5 11. Ne5 Nb4 12. Qd1 Bd5 13. e4 Bb7 14. a3 Qxd4 15. Nef3 Qc5 16. axb4 Qxb4 17. Qc2 Rfd8 18. Re1 Nd7 19. Ra2 Nc5 20. Nb1 Bxe4 21. Rxe4 Nxe4 22. Qxe4 Rd1+ 23. Bf1 Rad8 24. Bd2 Qb3 25. Rxa6 Bf6 26. Nc3 Qxb2 27. Nxd1 c3 28. Nxb2 cxb2 29. Ra8 Rxa8 30. Qxa8+ Kg7 31. Qa2 b4 32. Bxb4 1-0

[Event "Catalunya-chB"]
[Site "Spain"]
[Date "1996.10.13"]
[Round "2"]
[White "Perez Gomez, Silvestre"]
[Black "Sahloul Sahloul, Mulham"]
[Result "1-0"]
[WhiteElo "1910"]
[BlackElo "1845"]
[PlyCount "65"]
[EventDate "1997.??.??"]
[EventType "swiss"]
[EventRounds "8"]
[EventCountry "ESP"]
[SourceTitle "EXT 2003"]
[Source "ChessBase"]
[SourceDate "2002.11.25"]
[SourceVersion "1"]
[SourceVersionDate "2002.11.25"]
[SourceQuality "1"]

1. e4 e6 2. d4 d5 3. exd5 exd5 4. Nc3 Nf6 5. Nf3 Bg4 6. Be2 Be7 7. 0-0 0-0 8. Re1 Nc6 9. Ne5 Bxe2 10. Rxe2 Re8 11. Bg5 h6 12. Bh4 Nxe5 13. dxe5 Nd7 14. Bxe7 Rxe7 15. Qxd5 c6 16. Qd4 Qc7 17. Rae1 b6 18. e6 Nf6 19. exf7+ Rxf7 20. Qc4 Kh8 21. a4 a5 22. Re6 Rc8 23. Ne4 Qf4 24. g3 Qf3 25. Nxf6 Rxf6 26. Rxf6 Qxf6 27. b3 Rf8 28. f4 g5 29. Rf1 Kg7 30. fxg5 Qxf1+ 31. Qxf1 Rxf1+ 32. Kxf1 hxg5 33. g4 1-0

[Event "Catalunya-chB"]
[Site "Spain"]
[Date "1996.10.06"]
[Round "1"]
[White "Sahloul Sahloul, Mulham"]
[Black "Costa Jutglar, Marc"]
[Result "1/2-1/2"]
[WhiteElo "1775"]
[BlackElo "1845"]
[PlyCount "23"]
[EventDate "1997.??.??"]
[EventType "swiss"]
[EventRounds "8"]
[EventCountry "ESP"]
[SourceTitle "EXT 2003"]
[Source "ChessBase"]
[SourceDate "2002.11.25"]
[SourceVersion "1"]
[SourceVersionDate "2002.11.25"]
[SourceQuality "1"]

1. Nc3 d5 2. d4 Bf5 3. Bf4 Nf6 4. e3 e6 5. Nb5 Bd6 6. Nxd6+ cxd6 7. Bb5+ Nc6 8. Bxc6+ bxc6 9. Qd2 Nh5 10. Nf3 Nxf4 11. exf4 0-0 12. 0-0 1/2-1/2